[Event "XLIX C.to Italiano"]
[Site "Chianciano Terme ITA"]
[Date "1989.04.??"]
[Round "6"]
[White "Pantaleoni, Claudio"]
[Black "Vancini, Edoardo"]
[Result "1-0"]
[WhiteElo "2245"]
[BlackElo "2245"]
[PlyCount "75"]
[EventDate "1989.04.01"]

1. c4 Nf6 2. g3 c5 3. Bg2 e6 4. Nf3 Nc6 5. Nc3 Be7 6. O-O d5 7. cxd5 Nxd5 8. d4
O-O 9. e4 Nxc3 10. bxc3 Qc7 11. Qe2 b6 12. Bf4 Bd6 13. Bxd6 Qxd6 14. e5 Qe7 15.
Qe3 cxd4 16. cxd4 Bb7 17. Rfd1 Rfd8 18. Ng5 Nb4 19. Bxb7 Qxb7 20. Qb3 Nc6 21.
Qc2 h6 22. Qh7+ Kf8 23. d5 Rxd5 24. Rxd5 exd5 25. Nf3 Ne7 26. Nd4 Qc8 27. e6
Qc3 28. Rd1 fxe6 29. Rd3 Qe1+ 30. Kg2 Rc8 31. Re3 Qa1 32. Nxe6+ Kf7 33. Nxg7
Rc7 34. Nf5+ Kf8 35. Nxe7 Ke8 36. Nf5+ Kf8 37. Qxc7 Qd1 38. Qe7+ 1-0

[Event "XLIX C.to Italiano"]
[Site "Chianciano Terme ITA"]
[Date "1989.04.??"]
[Round "6"]
[White "Sarno, Spartaco"]
[Black "Tatai, Stefano"]
[Result "0-1"]
[WhiteElo "2270"]
[BlackElo "2395"]
[PlyCount "84"]
[EventDate "1989.04.01"]

1. d4 Nf6 2. c4 e6 3. Nf3 Bb4+ 4. Nbd2 O-O 5. a3 Be7 6. e3 d5 7. b3 b6 8. Bd3
Bb7 9. O-O Nbd7 10. Bb2 c5 11. Qe2 cxd4 12. exd4 Qc7 13. Rac1 Qf4 14. h3 Rac8
15. Rfe1 Rfe8 16. Ne5 dxc4 17. bxc4 Nxe5 18. dxe5 Nd7 19. Ne4 Nxe5 20. Bb1 Ng6
21. g3 Qh6 22. h4 f5 23. Rc3 Nf8 24. Bc1 Qg6 25. Ng5 Bc5 26. Be3 Qf6 27. Bxc5
Rxc5 28. Re3 e5 29. f4 e4 30. g4 h6 31. Nh3 Qxh4 32. gxf5 Rxf5 33. Qg2 Re7 34.
Bxe4 Rxe4 35. Rxe4 Qxe1+ 36. Rxe1 Bxg2 37. Kxg2 Ra5 38. Re3 Kf7 39. Kf3 Ne6 40.
Ke4 Kf6 41. Nf2 h5 42. Rf3 Rc5 0-1

[Event "XLIX C.to Italiano"]
[Site "Chianciano Terme ITA"]
[Date "1989.04.??"]
[Round "6"]
[White "Vezzosi, Paolo"]
[Black "Arlandi, Ennio"]
[Result "1-0"]
[WhiteElo "2340"]
[BlackElo "2390"]
[PlyCount "79"]
[EventDate "1989.04.01"]

1. c4 e5 2. g3 d5 3. cxd5 Qxd5 4. Nf3 c5 5. Nc3 Qd6 6. Bg2 Nc6 7. O-O Nf6 8. d3
Be7 9. Bg5 O-O 10. Rc1 Rb8 11. Qa4 b6 12. Bxf6 gxf6 13. Nh4 Bd7 14. Nf5 Bxf5
15. Bxc6 a6 16. Nd5 Bh3 17. Rfe1 Bd8 18. Ne3 f5 19. Bg2 Bxg2 20. Kxg2 f4 21.
Nf5 Qd5+ 22. f3 Qe6 23. Qe4 Kh8 24. b4 Rc8 25. bxc5 bxc5 26. Rc4 Ba5 27. Rb1
Bb4 28. Rb3 a5 29. a3 a4 30. Rb1 Bxa3 31. Rxa4 Bb4 32. Rba1 Bc3 33. R1a3 Bb2
34. Ra6 Qd7 35. Rb3 Rb8 36. Rd6 Qxd6 37. Nxd6 Rxb3 38. Qd5 Rbb8 39. Nxf7+ Kg7
40. Ng5 1-0

[Event "XLIX C.to Italiano"]
[Site "Chianciano Terme ITA"]
[Date "1989.04.??"]
[Round "7"]
[White "Arlandi, Ennio"]
[Black "Borgo, Giulio"]
[Result "1-0"]
[WhiteElo "2390"]
[BlackElo "2300"]
[PlyCount "83"]
[EventDate "1989.04.01"]

1. d4 c5 2. d5 e5 3. e4 d6 4. Nf3 Be7 5. h3 a6 6. Bd3 b5 7. a4 b4 8. a5 Nf6 9.
Nbd2 O-O 10. g4 Ne8 11. Nc4 Nd7 12. Qe2 Nc7 13. Bd2 Rb8 14. O-O Re8 15. c3 bxc3
16. bxc3 Nf8 17. Rfb1 Rxb1+ 18. Rxb1 h5 19. Ne1 hxg4 20. hxg4 Bd7 21. Ng2 Ng6
22. Nb6 Bb5 23. c4 Bd7 24. Bc2 Rf8 25. Ba4 Bxa4 26. Nxa4 Bg5 27. Nc3 Bxd2 28.
Qxd2 Nf4 29. Nxf4 Qg5 30. Nce2 Re8 31. f3 f5 32. exf5 exf4 33. Qxf4 Qe7 34. Ng3
Qe3+ 35. Qxe3 Rxe3 36. Ne4 Ne8 37. Rb8 Kf7 38. Ra8 Ke7 39. Kf2 Ra3 40. Ra7+ Kd8
41. Rxa6 Kc7 42. g5 1-0

[Event "XLIX C.to Italiano"]
[Site "Chianciano Terme ITA"]
[Date "1989.04.??"]
[Round "7"]
[White "Godena, Michele"]
[Black "Bellia, Fabrizio"]
[Result "1-0"]
[WhiteElo "2425"]
[BlackElo "2255"]
[PlyCount "101"]
[EventDate "1989.04.01"]

1. e4 e5 2. Nf3 Nc6 3. Bb5 a6 4. Ba4 Nf6 5. O-O Be7 6. Re1 b5 7. Bb3 d6 8. c3
O-O 9. d4 Bg4 10. d5 Na5 11. Bc2 c6 12. h3 Bc8 13. dxc6 Nxc6 14. Qd3 Re8 15.
Bg5 h6 16. Bxf6 Bxf6 17. Nbd2 Be6 18. Red1 Be7 19. b4 Qc7 20. a4 Qb7 21. Ra3
Rac8 22. axb5 axb5 23. Rda1 Bf8 24. Bb3 Bxb3 25. Nxb3 d5 26. Qxd5 Red8 27. Nc5
Bxc5 28. Qxc5 Na5 29. Qe3 Nc4 30. Ra7 Nxe3 31. Rxb7 Rd1+ 32. Rxd1 Nxd1 33. Nxe5
Nxc3 34. f3 f6 35. Ng6 Rc4 36. Ne7+ Kf8 37. Nf5 Rxb4 38. Nxg7 Rb1+ 39. Kf2 Rb2+
40. Kg3 b4 41. Ne6+ Kg8 42. Kf4 Rxg2 43. Rxb4 Rf2 44. Rb3 Kf7 45. Nd8+ Ke8 46.
Rxc3 Kxd8 47. Kf5 Ke7 48. f4 h5 49. Rc6 Rf3 50. h4 Rh3 51. Re6+ 1-0

[Event "XLIX C.to Italiano"]
[Site "Chianciano Terme ITA"]
[Date "1989.04.??"]
[Round "7"]
[White "Lanzani, Mario"]
[Black "Pantaleoni, Claudio"]
[Result "1-0"]
[WhiteElo "2320"]
[BlackElo "2245"]
[PlyCount "83"]
[EventDate "1989.04.01"]

1. d4 Nf6 2. c4 g6 3. Nc3 Bg7 4. e4 d6 5. Be2 O-O 6. Nf3 e5 7. O-O Nc6 8. Be3
Re8 9. dxe5 dxe5 10. h3 Be6 11. c5 a6 12. Ng5 Nd4 13. Nxe6 Nxe2+ 14. Qxe2 fxe6
15. Rfd1 Qe7 16. Qc4 Nd7 17. a4 Nb8 18. b4 Nc6 19. b5 Nd4 20. Ne2 axb5 21. axb5
Nxe2+ 22. Qxe2 Bf6 23. Qc4 Kf7 24. g3 Red8 25. Kg2 Qe8 26. Rxa8 Rxa8 27. c6
bxc6 28. bxc6 Rd8 29. Ra1 Rd6 30. Ra6 Qb8 31. Ra7 Bd8 32. Qc5 Rd1 33. Rb7 Qa8
34. Qxe5 Qa6 35. Qb5 Qa1 36. Ra7 Rg1+ 37. Kf3 Qd1+ 38. Qe2 Qd6 39. Qd2 Qe5 40.
Ra5 Qf6+ 41. Ke2 h6 42. Bxh6 1-0

[Event "XLIX C.to Italiano"]
[Site "Chianciano Terme ITA"]
[Date "1989.04.??"]
[Round "7"]
[White "Rossi, Carlo"]
[Black "Belotti, Bruno"]
[Result "0-1"]
[WhiteElo "2320"]
[BlackElo "2350"]
[PlyCount "48"]
[EventDate "1989.04.01"]

1. Nf3 Nf6 2. g3 g6 3. b3 Bg7 4. Bb2 O-O 5. Bg2 c5 6. O-O Nc6 7. c4 d6 8. Nc3
a6 9. d4 cxd4 10. Nxd4 Nxd4 11. Qxd4 Rb8 12. a4 Be6 13. a5 b6 14. Ra3 Nd7 15.
Qd2 bxa5 16. Na4 Bxb2 17. Nxb2 Nc5 18. Qc3 Qb6 19. Nd3 Nxb3 20. Rb1 a4 21. Rxa4
Nd4 22. Rb2 Qxb2 23. Qxb2 Rxb2 24. Nxb2 Rb8 0-1

[Event "XLIX C.to Italiano"]
[Site "Chianciano Terme ITA"]
[Date "1989.04.??"]
[Round "7"]
[White "Tatai, Stefano"]
[Black "Mantovani, Renzo"]
[Result "1/2-1/2"]
[WhiteElo "2395"]
[BlackElo "2370"]
[PlyCount "93"]
[EventDate "1989.04.01"]

1. d4 Nf6 2. c4 e6 3. Nf3 d5 4. Nc3 Be7 5. Bg5 O-O 6. e3 Nbd7 7. Rc1 a6 8. c5
c6 9. Be2 e5 10. O-O h6 11. Bh4 Ne4 12. Bxe7 Qxe7 13. Na4 Ng5 14. Nxg5 hxg5 15.
dxe5 Qxe5 16. Qd4 Qxd4 17. exd4 Re8 18. Rfe1 Rb8 19. Bd3 Kf8 20. Kf1 g6 21. Rc3
Rxe1+ 22. Kxe1 Ke7 23. Rb3 Nf8 24. Nc3 Ne6 25. Ne2 Nc7 26. Kd2 Bf5 27. Bxf5
gxf5 28. f4 g4 29. h4 gxh3 30. Rxh3 b6 31. cxb6 Rxb6 32. Kc2 Ne6 33. Rb3 Rb5
34. Rxb5 axb5 35. Kc3 Kd6 36. Kb4 Kc7 37. Ka5 Kb7 38. Kb4 Kb6 39. Kc3 Kc7 40.
Kd3 Kd6 41. a3 Kd7 42. Ke3 Kc7 43. Nc1 Kd6 44. Nd3 f6 45. g3 Kc7 46. Ne1 Ng7
47. Ng2 1/2-1/2

[Event "XLIX C.to Italiano"]
[Site "Chianciano Terme ITA"]
[Date "1989.04.??"]
[Round "7"]
[White "Vancini, Edoardo"]
[Black "Vezzosi, Paolo"]
[Result "1/2-1/2"]
[WhiteElo "2245"]
[BlackElo "2340"]
[PlyCount "71"]
[EventDate "1989.04.01"]

1. e4 c5 2. c3 d6 3. d4 Nf6 4. Bd3 cxd4 5. cxd4 g6 6. h3 Bg7 7. Nf3 O-O 8. Nc3
e5 9. Be3 Nc6 10. O-O exd4 11. Nxd4 d5 12. Nxc6 bxc6 13. Bg5 Qa5 14. Qd2 d4 15.
Nd5 Qxd2 16. Ne7+ Kh8 17. Bxd2 Bb7 18. Rfc1 Rfe8 19. Nxc6 Nxe4 20. Be1 Re6 21.
Na5 Bd5 22. Rc7 Kg8 23. Rac1 Be5 24. Rc8+ Rxc8 25. Rxc8+ Kg7 26. Bc4 Bxc4 27.
Nxc4 Nd6 28. Nxd6 Rxd6 29. Bb4 Rd5 30. Rc5 Rxc5 31. Bxc5 a6 32. Kf1 d3 33. Ke1
Bxb2 34. Kd2 Kf6 35. Kxd3 Ke5 36. Bb6 1/2-1/2

[Event "XLIX C.to Italiano"]
[Site "Chianciano Terme ITA"]
[Date "1989.04.??"]
[Round "7"]
[White "Vallifuoco, Giacomo"]
[Black "Sarno, Spartaco"]
[Result "1-0"]
[WhiteElo "2345"]
[BlackElo "2270"]
[PlyCount "50"]
[EventDate "1989.04.01"]

1. d4 d6 2. e4 Nf6 3. Nc3 g6 4. Nf3 Bg7 5. h3 O-O 6. Be3 c6 7. a4 Nbd7 8. a5
Qc7 9. Be2 e5 10. dxe5 dxe5 11. Bc4 Re8 12. Ng5 Re7 13. O-O h6 14. Nf3 Nh5 15.
Qd2 Nf4 16. Rfd1 Re8 17. Kh2 Bf8 18. g3 Nxh3 19. Bxh6 Nf6 20. Bxf8 Kxf8 21.
Qh6+ Ke7 22. Qg7 Rf8 23. Nh4 Ng4+ 24. Kxh3 Ke8 25. Nxg6 fxg6 1-0

[Event "XLIX C.to Italiano"]
[Site "Chianciano Terme ITA"]
[Date "1989.04.??"]
[Round "8"]
[White "Bellia, Fabrizio"]
[Black "Rossi, Carlo"]
[Result "1/2-1/2"]
[WhiteElo "2255"]
[BlackElo "2320"]
[PlyCount "94"]
[EventDate "1989.04.01"]

1. e4 c5 2. Nf3 Nc6 3. d4 cxd4 4. Nxd4 g6 5. c4 Bg7 6. Be3 Nf6 7. Nc3 O-O 8.
Be2 d6 9. O-O Bd7 10. Qd2 Nxd4 11. Bxd4 Bc6 12. f3 a5 13. b3 Nd7 14. Be3 Nc5
15. Rac1 Qb6 16. Nb5 Rfc8 17. Rfd1 Qd8 18. Rb1 Qf8 19. Nd4 Bd7 20. a3 Be5 21.
b4 axb4 22. axb4 Ne6 23. f4 Bg7 24. Nf3 Bc6 25. f5 Nc7 26. Qd3 b5 27. c5 dxc5
28. Bxc5 gxf5 29. exf5 Nd5 30. Nd4 Nf4 31. Nxc6 Rxc6 32. Qe4 Nxe2+ 33. Qxe2 Bf6
34. Qxb5 Rca6 35. Rd3 Ra1 36. Rbd1 Qh6 37. Qc4 Qh5 38. Qd5 Qe2 39. R3d2 Rxd1+
40. Rxd1 Ra2 41. Rf1 Rb2 42. Qa8+ Kg7 43. Qf3 Qc2 44. Bxe7 Bd4+ 45. Kh1 h6 46.
Bd6 Rb1 47. h3 Bf2 1/2-1/2

[Event "XLIX C.to Italiano"]
[Site "Chianciano Terme ITA"]
[Date "1989.04.??"]
[Round "8"]
[White "Belotti, Bruno"]
[Black "Arlandi, Ennio"]
[Result "1/2-1/2"]
[WhiteElo "2350"]
[BlackElo "2390"]
[PlyCount "29"]
[EventDate "1989.04.01"]

1. Nf3 d5 2. d4 c5 3. c4 dxc4 4. Nc3 e6 5. e4 cxd4 6. Qxd4 Qxd4 7. Nxd4 a6 8.
Bxc4 b5 9. Be2 Bb7 10. a3 Nd7 11. Be3 Ngf6 12. f3 Be7 13. O-O O-O 14. b4 Rac8
15. Rac1 1/2-1/2

[Event "XLIX C.to Italiano"]
[Site "Chianciano Terme ITA"]
[Date "1989.04.??"]
[Round "8"]
[White "Borgo, Giulio"]
[Black "Vancini, Edoardo"]
[Result "1-0"]
[WhiteElo "2300"]
[BlackElo "2245"]
[PlyCount "113"]
[EventDate "1989.04.01"]

1. e4 d6 2. d4 Nf6 3. Nc3 g6 4. f4 Bg7 5. e5 Nfd7 6. Ne4 c5 7. c3 O-O 8. Be3
cxd4 9. cxd4 Nb6 10. Nf3 Nd5 11. Bd2 Nc6 12. Nc3 dxe5 13. dxe5 Bf5 14. Nxd5
Qxd5 15. Be2 Nd4 16. Nxd4 Qxd4 17. Qb3 Be6 18. Qb4 Qd7 19. Bc3 f6 20. exf6 Bxf6
21. Bxf6 Rxf6 22. O-O Bd5 23. Rad1 Rd6 24. Bc4 Bxc4 25. Rxd6 exd6 26. Qxc4+ d5
27. Qd4 Rc8 28. Re1 Qd6 29. Qxa7 d4 30. Qxb7 Rb8 31. Qe4 d3 32. Qc4+ Kg7 33.
Qc3+ Kh6 34. Qd2 Qd4+ 35. Qf2 Qxf2+ 36. Kxf2 Rxb2+ 37. Kf3 Rxa2 38. Rd1 d2 39.
Ke3 Kh5 40. Rxd2 Ra3+ 41. Kf2 Ra7 42. h3 Kh6 43. Re2 Kg7 44. Re3 Kf7 45. Kf3
Rb7 46. Kg4 Kg7 47. g3 Ra7 48. Re5 Rb7 49. Rc5 Ra7 50. h4 h6 51. h5 gxh5+ 52.
Kxh5 Ra3 53. Rc7+ Kf8 54. Rc8+ Kg7 55. Rc7+ Kf8 56. g4 Rf3 57. f5 1-0

[Event "XLIX C.to Italiano"]
[Site "Chianciano Terme ITA"]
[Date "1989.04.??"]
[Round "8"]
[White "Pantaleoni, Claudio"]
[Black "Tatai, Stefano"]
[Result "0-1"]
[WhiteElo "2245"]
[BlackElo "2395"]
[PlyCount "78"]
[EventDate "1989.04.01"]

1. c4 Nf6 2. g3 g6 3. Bg2 Bg7 4. Nc3 O-O 5. e4 d6 6. Nge2 c5 7. O-O Nc6 8. a3
Bd7 9. Rb1 a5 10. h3 Ne8 11. f4 Nc7 12. f5 e6 13. g4 exf5 14. exf5 gxf5 15.
gxf5 Nd4 16. Nxd4 Bxd4+ 17. Kh1 Kh8 18. d3 Bc6 19. Ne4 f6 20. Rf4 d5 21. Rh4
Qe7 22. cxd5 Nxd5 23. Qf3 Rae8 24. Bd2 Rg8 25. Re1 Qd7 26. Bc1 Re5 27. Rf1 Re7
28. Rg4 Qe8 29. Qg3 Reg7 30. Bf3 Ne7 31. Bg2 Qh5 32. Rxg7 Rxg7 33. Qf4 Qe2 34.
Qf3 Rxg2 35. Qxg2 Qxd3 36. Rf4 Nxf5 37. Rg4 Ne7 38. Bh6 Ng6 39. Qf3 Qxf3+ 0-1

[Event "XLIX C.to Italiano"]
[Site "Chianciano Terme ITA"]
[Date "1989.04.??"]
[Round "8"]
[White "Sarno, Spartaco"]
[Black "Mantovani, Renzo"]
[Result "1/2-1/2"]
[WhiteElo "2270"]
[BlackElo "2370"]
[PlyCount "21"]
[EventDate "1989.04.01"]

1. d4 d5 2. c4 e6 3. Nc3 Nf6 4. Bg5 Nbd7 5. e3 Be7 6. Nf3 O-O 7. Rc1 c6 8. Bd3
dxc4 9. Bxc4 Nd5 10. Bxe7 Qxe7 11. O-O 1/2-1/2

[Event "XLIX C.to Italiano"]
[Site "Chianciano Terme ITA"]
[Date "1989.04.??"]
[Round "8"]
[White "Vallifuoco, Giacomo"]
[Black "Godena, Michele"]
[Result "1-0"]
[WhiteElo "2345"]
[BlackElo "2425"]
[PlyCount "80"]
[EventDate "1989.04.01"]

1. d4 Nc6 2. c4 e5 3. d5 Nce7 4. Nc3 Ng6 5. g3 Nf6 6. Bg2 Bb4 7. Qc2 Qe7 8. Nf3
c5 9. Bd2 d6 10. a3 Bxc3 11. Bxc3 O-O 12. Nd2 b6 13. O-O h5 14. e4 h4 15. Qd3
Nh5 16. Qe3 Nf6 17. Rae1 Ng4 18. Qd3 Qg5 19. Nf3 Qh5 20. Nxh4 Nxh4 21. gxh4
Qxh4 22. Qg3 Qxg3 23. hxg3 Nh6 24. f4 f6 25. Bf3 Bd7 26. Kg2 g6 27. Rh1 Kg7 28.
fxe5 fxe5 29. Bd2 Nf7 30. Rh4 Rh8 31. Reh1 Rxh4 32. gxh4 Ba4 33. Kg3 Bb3 34.
Rc1 a5 35. Rc3 a4 36. Be2 Nd8 37. Rc1 Nb7 38. Bg5 Rf8 39. Bd3 Rf7 40. Be2 Kg8
1-0

[Event "XLIX C.to Italiano"]
[Site "Chianciano Terme ITA"]
[Date "1989.04.??"]
[Round "8"]
[White "Vezzosi, Paolo"]
[Black "Lanzani, Mario"]
[Result "1/2-1/2"]
[WhiteElo "2340"]
[BlackElo "2320"]
[PlyCount "46"]
[EventDate "1989.04.01"]

1. d4 Nf6 2. Nf3 e6 3. c4 Bb4+ 4. Nbd2 b6 5. a3 Bxd2+ 6. Bxd2 O-O 7. Bg5 Bb7 8.
e3 h6 9. Bh4 g5 10. Bg3 Ne4 11. Bd3 d6 12. Qc2 f5 13. d5 Nc5 14. dxe6 Qf6 15.
O-O-O Nxd3+ 16. Qxd3 Na6 17. Qd4 Nc5 18. Qxf6 Rxf6 19. Nd4 Nxe6 20. f3 Re8 21.
Bf2 Nxd4 22. Rxd4 Kh7 23. h3 a5 1/2-1/2

[Event "XLIX C.to Italiano"]
[Site "Chianciano Terme ITA"]
[Date "1989.04.??"]
[Round "9"]
[White "Arlandi, Ennio"]
[Black "Bellia, Fabrizio"]
[Result "1/2-1/2"]
[WhiteElo "2390"]
[BlackElo "2255"]
[PlyCount "82"]
[EventDate "1989.04.01"]

1. d4 Nf6 2. c4 g6 3. Nc3 Bg7 4. e4 O-O 5. Nf3 d6 6. Be2 e5 7. O-O Nbd7 8. Rb1
a5 9. b3 Qe7 10. d5 Nh5 11. g3 Nc5 12. Ne1 f5 13. Bxh5 gxh5 14. Qxh5 f4 15. Ng2
Rf6 16. gxf4 exf4 17. Qf3 Bd7 18. Bxf4 Raf8 19. Ne2 Bh6 20. Qe3 Bxf4 21. Nexf4
Qxe4 22. Qg3+ Kh8 23. Nh5 Rg6 24. Qc3+ Kg8 25. Ng3 Qg4 26. Rbe1 h5 27. f3 Qh3
28. Qd4 Bf5 29. Re7 Nd3 30. Qh4 Bc8 31. f4 Qxh4 32. Nxh4 Rg4 33. Ng2 h4 34. Rf3
Ne5 35. Re3 Ng6 36. Rxc7 hxg3 37. h3 Nxf4 38. Nxf4 Rgxf4 39. Rxg3+ Kh8 40. Rg6
Rf1+ 41. Kg2 R1f2+ 1/2-1/2

[Event "XLIX C.to Italiano"]
[Site "Chianciano Terme ITA"]
[Date "1989.04.??"]
[Round "9"]
[White "Godena, Michele"]
[Black "Sarno, Spartaco"]
[Result "1/2-1/2"]
[WhiteElo "2425"]
[BlackElo "2270"]
[PlyCount "73"]
[EventDate "1989.04.01"]

1. e4 c6 2. d3 d5 3. Nd2 g6 4. Ngf3 Bg7 5. g3 e5 6. Bg2 Ne7 7. O-O O-O 8. Re1
Re8 9. exd5 Nxd5 10. Nc4 Bg4 11. h3 Bxf3 12. Qxf3 Na6 13. Bd2 Qc7 14. Re2 Nc5
15. Rae1 f5 16. Bh1 e4 17. dxe4 Rxe4 18. Rxe4 Nxe4 19. Qd3 Nxd2 20. Bxd5+ cxd5
21. Qxd5+ Kh8 22. Nxd2 Bxb2 23. Nf3 Rd8 24. Qb3 Bf6 25. Re6 Kg7 26. h4 b6 27.
Ng5 Rd1+ 28. Kh2 Qc5 29. Kg2 Qd5+ 30. Qxd5 Rxd5 31. Nxh7 Bxh4 32. gxh4 Kxh7 33.
Re7+ Kh6 34. Rxa7 Rc5 35. Rb7 Rxc2 36. Rxb6 Rxa2 37. Kg3 1/2-1/2

[Event "XLIX C.to Italiano"]
[Site "Chianciano Terme ITA"]
[Date "1989.04.??"]
[Round "9"]
[White "Lanzani, Mario"]
[Black "Borgo, Giulio"]
[Result "0-1"]
[WhiteElo "2320"]
[BlackElo "2300"]
[PlyCount "74"]
[EventDate "1989.04.01"]

1. Nf3 c5 2. c4 Nf6 3. Nc3 d5 4. cxd5 Nxd5 5. d4 Nxc3 6. bxc3 g6 7. e3 Bg7 8.
Be2 O-O 9. O-O Qc7 10. Ba3 Nd7 11. Rb1 Rd8 12. Qb3 e6 13. Ng5 b6 14. d5 exd5
15. Qxd5 Ne5 16. Qxa8 Bf5 17. Qxd8+ Qxd8 18. e4 Bg4 19. Bxg4 Nxg4 20. Nf3 Bxc3
21. Bb2 Bxb2 22. Rxb2 Qf6 23. Re2 Ne5 24. Nxe5 Qxe5 25. f4 Qd4+ 26. Kh1 c4 27.
f5 c3 28. f6 Qd3 29. Ree1 c2 30. e5 b5 31. Kg1 b4 32. Rc1 a5 33. Rf2 Qd1+ 34.
Rf1 Qd2 35. Rce1 a4 36. e6 Qxe1 37. Rxe1 fxe6 0-1

[Event "XLIX C.to Italiano"]
[Site "Chianciano Terme ITA"]
[Date "1989.04.??"]
[Round "9"]
[White "Mantovani, Renzo"]
[Black "Pantaleoni, Claudio"]
[Result "1/2-1/2"]
[WhiteElo "2370"]
[BlackElo "2245"]
[PlyCount "53"]
[EventDate "1989.04.01"]

1. d4 Nf6 2. Nf3 e6 3. Bg5 d5 4. e3 Be7 5. Bd3 c5 6. c3 Nfd7 7. Bf4 Nc6 8. Nbd2
cxd4 9. exd4 Nf8 10. Ne5 Ng6 11. Nxg6 hxg6 12. Nf3 Bd6 13. Qd2 Qc7 14. Bxd6
Qxd6 15. O-O-O Bd7 16. h4 O-O-O 17. Rde1 a6 18. g3 Be8 19. Re2 Qc7 20. Kb1 Kb8
21. Rhe1 Rc8 22. Qd1 Na7 23. Ne5 Bb5 24. Re3 Bxd3+ 25. Nxd3 Nb5 26. Ne5 Nd6 27.
Qa4 1/2-1/2

[Event "XLIX C.to Italiano"]
[Site "Chianciano Terme ITA"]
[Date "1989.04.??"]
[Round "9"]
[White "Rossi, Carlo"]
[Black "Vallifuoco, Giacomo"]
[Result "1/2-1/2"]
[WhiteElo "2320"]
[BlackElo "2345"]
[PlyCount "57"]
[EventDate "1989.04.01"]

1. e4 c5 2. Nc3 Nc6 3. f4 e6 4. Nf3 d5 5. Bb5 Nf6 6. e5 Nd7 7. Ne2 Qb6 8. Ba4
c4 9. d4 cxd3 10. cxd3 Nc5 11. Bc2 Nb4 12. Ned4 Nxc2+ 13. Qxc2 Bd7 14. O-O Rc8
15. Qe2 Qa6 16. Ne1 Be7 17. Be3 O-O 18. Rf3 f6 19. Rh3 Be8 20. b4 fxe5 21. fxe5
Na4 22. b5 Bxb5 23. Nxb5 Qxb5 24. Qh5 h6 25. Qg6 Bc5 26. Qxe6+ Kh7 27. Rxh6+
gxh6 28. Qxh6+ Kg8 29. Qg6+ 1/2-1/2

[Event "XLIX C.to Italiano"]
[Site "Chianciano Terme ITA"]
[Date "1989.04.??"]
[Round "9"]
[White "Tatai, Stefano"]
[Black "Vezzosi, Paolo"]
[Result "1-0"]
[WhiteElo "2395"]
[BlackElo "2340"]
[PlyCount "97"]
[EventDate "1989.04.01"]

1. e4 e6 2. d4 d5 3. Nd2 c5 4. Ngf3 Nf6 5. exd5 Nxd5 6. Nb3 cxd4 7. Nbxd4 Bc5
8. Be2 O-O 9. O-O h6 10. a3 Qf6 11. c4 Nf4 12. Bxf4 Qxf4 13. b4 Be7 14. Qc1 Qf6
15. Qe3 Bd6 16. Bd3 a6 17. Rfe1 Rd8 18. Rad1 Nd7 19. c5 Bc7 20. c6 Nf8 21. cxb7
Bxb7 22. Be4 Bxe4 23. Qxe4 Bb6 24. Nc6 Re8 25. a4 Qb2 26. Rd2 Qf6 27. Nfe5 Bc7
28. f4 Rac8 29. Rc2 Qh4 30. g3 Qh5 31. Qd3 f6 32. Nf3 Ng6 33. Kh1 Kh8 34. Qe2
Bd6 35. Nfe5 Qxe2 36. Nxg6+ Kh7 37. Rexe2 Kxg6 38. Red2 Bf8 39. b5 axb5 40.
axb5 Ra8 41. b6 Ra1+ 42. Kg2 Rb1 43. Rb2 Rxb2 44. Rxb2 Bd6 45. b7 Kf5 46. Kf3
g5 47. b8=Q Bxb8 48. Rxb8 Rxb8 49. Ne7# 1-0

[Event "XLIX C.to Italiano"]
[Site "Chianciano Terme ITA"]
[Date "1989.04.??"]
[Round "9"]
[White "Vancini, Edoardo"]
[Black "Belotti, Bruno"]
[Result "1/2-1/2"]
[WhiteElo "2245"]
[BlackElo "2350"]
[PlyCount "96"]
[EventDate "1989.04.01"]

1. e4 d6 2. d4 Nf6 3. Nc3 g6 4. Nf3 Bg7 5. Be2 O-O 6. O-O Bg4 7. Be3 Nc6 8. Qd2
e5 9. dxe5 dxe5 10. Rad1 a6 11. Bg5 Qc8 12. Qe3 Bxf3 13. Bxf3 Nd4 14. Rd2 c6
15. Rfd1 Qc7 16. Ne2 Ne6 17. Bxf6 Bxf6 18. Rd7 Rad8 19. Rxd8 Rxd8 20. Ng3 Rxd1+
21. Bxd1 Qa5 22. a3 Bg5 23. Qe2 Bc1 24. c3 Qb5 25. Qxb5 axb5 26. b4 Bxa3 27.
Bg4 Bc1 28. Ne2 Bd2 29. g3 Kf8 30. Bxe6 fxe6 31. f4 exf4 32. gxf4 Kf7 33. Kf2
g5 34. fxg5 Bxg5 35. Ke1 Kf6 36. Nd4 Ke5 37. Ke2 Kxe4 38. Nxe6 Bf6 39. Nc5+ Kd5
40. Kd3 b6 41. Ne4 Be5 42. h3 h6 43. Nd2 Ke6 44. c4 bxc4+ 45. Nxc4 Bc7 46. Ke4
Kf6 47. Ne3 h5 48. b5 Ke6 1/2-1/2

[Event "XLIX C.to Italiano"]
[Site "Chianciano Terme ITA"]
[Date "1989.04.??"]
[Round "10"]
[White "Bellia, Fabrizio"]
[Black "Vancini, Edoardo"]
[Result "1-0"]
[WhiteElo "2255"]
[BlackElo "2245"]
[PlyCount "53"]
[EventDate "1989.04.01"]

1. e4 c5 2. Nf3 e6 3. d4 cxd4 4. Nxd4 Nc6 5. Nc3 Qc7 6. Be2 a6 7. O-O Nf6 8.
Kh1 Nxd4 9. Qxd4 Bc5 10. Qd3 b5 11. f4 Bb7 12. Bf3 h5 13. e5 Ng4 14. Bxb7 Qxb7
15. Ne4 Rc8 16. Bd2 h4 17. Qf3 Qd5 18. Qxg4 Qxe4 19. Qxg7 Rh5 20. h3 Bf8 21.
Qg8 Rxc2 22. Rac1 Rc6 23. f5 exf5 24. a3 a5 25. Bxa5 Qe3 26. Rxc6 dxc6 27. e6
1-0

[Event "XLIX C.to Italiano"]
[Site "Chianciano Terme ITA"]
[Date "1989.04.??"]
[Round "10"]
[White "Belotti, Bruno"]
[Black "Lanzani, Mario"]
[Result "1/2-1/2"]
[WhiteElo "2350"]
[BlackElo "2320"]
[PlyCount "26"]
[EventDate "1989.04.01"]

1. e4 c5 2. Nf3 d6 3. d4 cxd4 4. Nxd4 Nf6 5. Nc3 g6 6. Be2 Bg7 7. O-O O-O 8.
Bg5 Nc6 9. Nb3 Be6 10. Kh1 a5 11. a4 Nb4 12. Nd4 Bd7 13. f4 h6 1/2-1/2

[Event "XLIX C.to Italiano"]
[Site "Chianciano Terme ITA"]
[Date "1989.04.??"]
[Round "10"]
[White "Godena, Michele"]
[Black "Rossi, Carlo"]
[Result "1/2-1/2"]
[WhiteElo "2425"]
[BlackElo "2320"]
[PlyCount "27"]
[EventDate "1989.04.01"]

1. e4 c5 2. Nf3 e6 3. c3 b6 4. d4 Bb7 5. Bd3 Nf6 6. e5 Nd5 7. Be4 Qc8 8. c4 f5
9. Bxd5 exd5 10. cxd5 Bxd5 11. Nc3 Qc6 12. Nxd5 Qxd5 13. O-O c4 14. e6 1/2-1/2

[Event "XLIX C.to Italiano"]
[Site "Chianciano Terme ITA"]
[Date "1989.04.??"]
[Round "10"]
[White "Sarno, Spartaco"]
[Black "Pantaleoni, Claudio"]
[Result "1-0"]
[WhiteElo "2270"]
[BlackElo "2245"]
[PlyCount "41"]
[EventDate "1989.04.01"]

1. d4 Nf6 2. c4 e6 3. Nc3 d5 4. cxd5 exd5 5. Bg5 Be7 6. e3 c6 7. Qc2 Nbd7 8.
Bd3 Nh5 9. Bxe7 Qxe7 10. Nge2 g6 11. O-O f5 12. Rab1 O-O 13. b4 a6 14. a4 Ndf6
15. b5 axb5 16. axb5 Qd6 17. g3 Ne4 18. bxc6 bxc6 19. Rb6 Ng5 20. Nb5 Qb4 21.
Qxc6 1-0

[Event "XLIX C.to Italiano"]
[Site "Chianciano Terme ITA"]
[Date "1989.04.??"]
[Round "10"]
[White "Vallifuoco, Giacomo"]
[Black "Arlandi, Ennio"]
[Result "1-0"]
[WhiteElo "2345"]
[BlackElo "2390"]
[PlyCount "47"]
[EventDate "1989.04.01"]

1. d4 d5 2. Nf3 Nf6 3. c4 dxc4 4. e3 e6 5. Bxc4 c5 6. O-O a6 7. Bd3 Nc6 8. Nc3
cxd4 9. exd4 Nb4 10. Bb1 Be7 11. Re1 O-O 12. Ne5 Bd7 13. Re3 Rc8 14. Rh3 g6 15.
Bh6 Re8 16. Rg3 Bc6 17. h4 Bd6 18. Qe2 Bf8 19. Bg5 Bg7 20. h5 Qxd4 21. hxg6
hxg6 22. Bxg6 fxg6 23. Rd1 Qc5 24. Bxf6 1-0

[Event "XLIX C.to Italiano"]
[Site "Chianciano Terme ITA"]
[Date "1989.04.??"]
[Round "10"]
[White "Vezzosi, Paolo"]
[Black "Mantovani, Renzo"]
[Result "0-1"]
[WhiteElo "2340"]
[BlackElo "2370"]
[PlyCount "70"]
[EventDate "1989.04.01"]

1. d4 Nf6 2. c4 e6 3. Nf3 b6 4. g3 Ba6 5. Qc2 d5 6. cxd5 exd5 7. Nc3 Bd6 8. Bg5
Be7 9. Bg2 O-O 10. Ne5 c6 11. O-O h6 12. Bf4 Nfd7 13. Rfd1 Nxe5 14. dxe5 Bb7
15. Qd2 g5 16. Be3 Nd7 17. f4 Nc5 18. f5 f6 19. e6 Qd6 20. Bf2 Rad8 21. g4 Qb8
22. Bg3 Qa8 23. e3 Ne4 24. Nxe4 dxe4 25. Qc2 c5 26. Bf1 Qc8 27. Bb5 Bc6 28. Qa4
Bxb5 29. Qxb5 Qb7 30. Rd7 Rxd7 31. exd7 Qd5 32. Qa4 Qd3 33. Bf2 Rd8 34. Rd1 Qe2
35. h3 b5 0-1